| 000 | 00521nam a2200181Ia 4500 | ||
|---|---|---|---|
| 008 | 100920s9999 xx 000 0 und d | ||
| 082 |
_b47939 _a--- थ 84 |
||
| 100 | _aबोरकर वि.ज. | ||
| 245 | _aनागडा. | ||
| 260 |
_bमौज प्रकाशन गृह, मुंबई. _c1984 |
||
| 300 |
_a146 _bसाधी |
||
| 365 | _b31 | ||
| 520 | _aकादंबरी. | ||
| 630 | _aनागडा. | ||
| 650 | _aकादंबरी. | ||
| 730 | _aनागडा. | ||
| 942 | _cBOOK | ||
| 999 |
_c695085 _d695082 |
||